Birdy : le ali della liberta /
Gorde:
| Beste egile batzuk: | , , , , , |
|---|---|
| Formatua: | |
| Hizkuntza: | italiera |
| Argitaratua: |
[Milano] :
RCA Columbia pictures international video,
1986
|
| Etiketak: |
Etiketarik gabe, Izan zaitez lehena erregistro honi etiketa jartzen!
|
MARC
| LEADER | 00000ngm a22000007i 4500 | ||
|---|---|---|---|
| 001 | IT\ICCU\MOD\0780322 | ||
| 003 | ItRI | ||
| 005 | 20260124182854.0 | ||
| 008 | 030226s1986 it |||||||||||||||k|||||c | ||
| 028 | 4 | 2 | |a CVT10630 |
| 040 | |b ita | ||
| 041 | 7 | |a ita |2 ISO-639-2 | |
| 245 | 0 | 0 | |a Birdy : |b le ali della liberta / |c directed by Alan Parker ; produced by Alan Marshall ; based upon the novel "Birdy" by William Wharton. |
| 260 | |a [Milano] : |b RCA Columbia pictures international video, |c 1986 | ||
| 300 | |a 1 videocassetta (VHS) (ca. 115 min.) : |b color., son | ||
| 500 | |a Interpreti: Matthew Modine, Nicolas Cage, Karen Young | ||
| 500 | |a Prod. USA, 1984 | ||
| 500 | |a Descrizione basata sul contenitore. | ||
| 700 | 1 | |a Young, Karen |0 IT\ICCU\BVEV\060547 | |
| 700 | 1 | |a Wharton, William |0 IT\ICCU\CFIV\063045 | |
| 700 | 1 | |a Marshall, Alan, |d (1938- ) |0 IT\ICCU\DDSV\047981 | |
| 700 | 1 | |a Cage, Nicolas |0 IT\ICCU\RAVV\092647 | |
| 700 | 1 | |a Modine, Matthew |0 IT\ICCU\RAVV\096813 | |
| 700 | 1 | |a Parker, Alan, |d (1944-2020 |c regista) |0 IT\ICCU\SBLV\301429 | |
| 790 | 1 | |a Coppola, Nicolas Kim |3 IT\ICCU\SBNV\047626 |z Cage, Nicolas | |
| 790 | 1 | |a Cage, Nicholas |3 IT\ICCU\TSAV\514018 |z Cage, Nicolas | |
| 942 | |2 ddc |c VM |n 0 | ||
| 952 | |0 0 |1 0 |4 0 |6 VO_1514_000000000000000 |7 0 |9 27333 |a BO |b BO |d 2026-01-24 |i 11672 |l 0 |o VO 1514 |p BO11672 |r 2026-01-24 18:28:54 |w 2026-01-24 |x [Sebina 5] [1 videocassetta] |y VM |z 1 videocassetta | ||
| 999 | |c 23146 |d 23146 | ||